Statistics for Antonyms #3

Click here to take the quiz!

General Stats

  • This quiz has been taken 58 times
  • The average score is 12 of 14

Answer Stats

HintAnswer% Correct
InhaleExhale
100%
HappySad
100%
ForwardBackward
98%
EarlyLate
98%
TallerShorter
98%
LegalIllegal
96%
FloatSink
94%
ImplodeExplode
92%
SoftenHarden
92%
ObeyDisobey
89%
HealthySick
85%
MeltFreeze
81%
SunnyRainy
53%
ReversableIrreversible
49%

Score Distribution

Percentile by Number Answered

Percent of People with Each Score

Your Score History

You have not taken this quiz